000 01209nam a22003737a 4500
001 0038323
003 KOHA_MİRAKIL
005 20260207003057.0
007 ta
008 120831b1986 tu |||gr||||#0|||0|eng |
040 _aTR-BiSEU
_btur
_cTR-BiSEU
_erda
041 0 _aeng
044 _ctu
050 _aDR435.A7
_bT47 1986
245 1 _aTerrorist attack at Orly :
_bstatements and evidence presented at the trial, February 19-March 2, 1985.
264 1 _aAnkara :
_bUniversity of Ankara Faculty of Political Science
_c1986
300 _a86 sayfa ;
_c24 cm.
336 _ametin
_btxt
_2rdacontent
337 _aaracısız
_bn
_2rdamedia
338 _acilt
_bnc
_2rdacarrier
490 1 _aAnkara University.
490 1 _aFaculty of Political Science publication ;
_vno.
490 1 _a544
500 _aKaynakça var.
650 0 _aTurkey--Ethnic relations--Armenians.
_916749
650 0 _aArmenian question.
_910589
650 0 _aTürkiye--Etnik ilişkiler--Ermeniler.
_916751
650 0 _aErmeni sorunu.
_99825
830 1 _aAnkara University.
_971620
830 1 _aFaculty of Political Science publication ;
_vno.
_971621
830 1 _a544
_922700
907 _aTarih
942 _2lcc
_cBK
999 _c38164
_d38164